000 00854cab a2200181 4500
001 L129808
008 050523n2005 000 0 eng u
035 _a(Sirsi) u129808
041 _aeng
100 _aTinworth, Adam
245 _aNice digs, shame about the service
260 _c2005
490 _aEstates Gazette
_v(0519) 14 May 2005, 56-58(3)
520 _aBCO research shows that the property industrial is failing to respond to the needs and business realities of office tenants with occupiers both dissatisfied with the service being offered and prepared to move their staff overseas. Discusses the findings of the survey and the fact that only one out 100 respondents praised their landlords. Includes charts and graphs of the key findings.
590 _aIKA070605
690 _aPROPERTY-COMMERCIAL PROPERTY-OFFICE PROPERTY
942 _n0
999 _c75283
_d75283